[Event "Agzamov Memorial 04th"]
[Site "Tashkent"]
[Date "2010.03.30"]
[Round "8"]
[White "Dreev, Alexey"]
[Black "Zhigalko, Sergei"]
[Result "1/2-1/2"]
[WhiteElo "2653"]
[BlackElo "2648"]
[PlyCount "122"]
[EventDate "2010.03.23"]
[EventType "swiss"]
[EventRounds "9"]
[EventCountry "UZB"]
[SourceTitle "CBM 135 Extra"]
[Source "ChessBase"]
[SourceDate "2010.05.04"]
[SourceVersion "1"]
[SourceVersionDate "2010.05.04"]
[SourceQuality "1"]

1. d4 d5 2. c4 e6 3. Nc3 c6 4. Nf3 dxc4 5. e3 b5 6. a4 Bb4 7. Bd2 a5 8. axb5 Bxc3 9. Bxc3 cxb5 10. b3 Bb7 11. bxc4 b4 12. Bb2 Nf6 13. Bd3 O-O 14. O-O Nbd7 15. c5 Bc6 16. Bc2 Qc7 17. Ba4 Ne4 18. Qc2 f5 19. Rfc1 Bxa4 20. Qxa4 Ndf6 21. Qb3 $146 ({RR} 21. Ne5 Ng4 22. f3 Nxe5 23. dxe5 Nxc5 24. Qb5 Rfb8 25. Rxc5 Rxb5 26. Rxc7 a4 27. Rcc1 a3 28. Rcb1 a2 29. Rd1 Rc5 30. Rd4 b3 31. Rb4 Rc2 32. Rxb3 f4 33. Bd4 Rac8 34. exf4 Rc1+ 35. Kf2 Rxa1 {Dreev,A (2688)-Chirila,I (2485) Budva 2009 1-0 (64)}) 21... Nd5 22. Ne5 Kh8 23. Rc2 Rfb8 24. Nc4 h6 25. f3 Nec3 26. Bxc3 bxc3 27. Nb6 a4 28. Qa3 Nxb6 29. cxb6 Rxb6 30. Rxc3 Qb7 31. h3 Rb4 32. Qc1 Ra7 33. Kh2 Qb8+ 34. f4 Qb7 35. Ra2 Kh7 36. Qc2 Qd5 37. Rc5 Qb3 38. Qxb3 Rxb3 39. Re5 Ra6 40. d5 exd5 41. Rxd5 Kg6 42. Re5 a3 43. e4 fxe4 44. Rxe4 Kf5 45. Rd4 Ra7 46. Rc4 Ke6 47. Rd4 Kf5 48. Rc4 Rd3 49. Rb4 Ke6 50. Rb5 Kd6 51. f5 Kc6 52. Re5 Rb3 53. Ree2 Kb6 54. Re6+ Kb5 55. Re8 Ka4 56. Ree2 Rab7 57. Re4+ R3b4 58. Re3 Rb2 59. Re4+ R2b4 60. Re8 Rb3 61. Ra8+ Kb4 1/2-1/2

[Event "Corus-B"]
[Site "Wijk aan Zee"]
[Date "2010.01.31"]
[Round "13"]
[White "Harikrishna, Pentala"]
[Black "Nyback, Tomi"]
[Result "1/2-1/2"]
[WhiteElo "2672"]
[BlackElo "2643"]
[PlyCount "134"]
[EventDate "2010.01.16"]
[EventType "tourn"]
[EventRounds "13"]
[EventCountry "NED"]
[EventCategory "16"]
[SourceTitle "CBM 135"]
[Source "ChessBase"]
[SourceDate "2010.03.17"]
[SourceVersion "1"]
[SourceVersionDate "2010.03.17"]
[SourceQuality "1"]

1. d4 d5 2. c4 e6 3. Nf3 c6 4. Nc3 dxc4 5. a4 Bb4 6. g3 c5 7. Bg2 Nc6 8. Be3 Nge7 9. dxc5 Nd5 10. Bd2 Nxc3 11. Bxc3 Bxc3+ 12. bxc3 Qa5 13. O-O Qxc5 14. Rb1 a6 $146 ({RR} 14... O-O 15. Rb5 Qe7 16. Nd4 Nd8 17. Qb1 Qc7 18. Qb4 e5 19. Rc5 Qe7 20. Nb5 Bg4 21. Re1 a5 22. Qxc4 Be6 23. Rxe5 Nc6 24. Qc5 Qf6 25. Re3 Bb3 26. Qa3 Bc4 27. Qc5 Bb3 28. Ra1 Rfe8 29. Rxe8+ {Dominguez Perez,L (2732)-Lampert,J (2461) Skopje 2015 1-0 (55)}) 15. Nd2 O-O 16. Ne4 Qe7 17. Qd6 Qxd6 18. Nxd6 Na5 19. Rb4 Rd8 20. Nxc4 Nxc4 21. Rxc4 Kf8 22. Rb1 Rb8 23. a5 Ke7 24. f4 Rd6 25. Rd4 b5 26. axb6 Rbxb6 27. Ra1 Rxd4 28. cxd4 Kd6 29. Be4 f5 30. Bd3 Kc7 31. Kf2 Kb7 32. g4 Bd7 33. gxf5 exf5 34. Ra5 g6 35. Re5 Kc7 36. Ke3 Kd6 37. Bc4 Rc6 38. Kd3 Rb6 39. Rd5+ Ke7 40. Ra5 Bc8 41. h4 Bb7 42. Re5+ Kd7 43. Bg8 Be4+ 44. Kc3 h6 45. Bf7 Rc6+ 46. Bc4 Rb6 47. Ra5 Bb7 48. Ra1 Ke7 49. Rg1 Bc8 50. d5 Bd7 51. Kd4 Bb5 52. Bxb5 axb5 53. Kc5 Rb8 54. Kc6 Rc8+ 55. Kxb5 Kd6 56. Rxg6+ Kxd5 57. Rxh6 Rc2 58. e3 Rb2+ 59. Ka6 Re2 60. Rf6 Rxe3 61. Rxf5+ Ke6 62. Rf8 Rh3 63. Rh8 Kf5 64. h5 Kxf4 65. h6 Kg5 66. Kb6 Rxh6+ 67. Rxh6 Kxh6 1/2-1/2

[Event "Moscow Aeroflot op-A 11th"]
[Site "Moscow"]
[Date "2012.02.10"]
[Round "4"]
[White "Gupta, Abhijeet"]
[Black "Balogh, Csaba"]
[Result "1/2-1/2"]
[WhiteElo "2652"]
[BlackElo "2665"]
[PlyCount "132"]
[EventDate "2012.02.07"]
[EventType "swiss"]
[EventRounds "9"]
[EventCountry "RUS"]
[SourceTitle "CBM 147"]
[Source "ChessBase"]
[SourceDate "2012.03.16"]
[SourceVersion "1"]
[SourceVersionDate "2012.03.16"]
[SourceQuality "1"]

1. d4 {Let's Check} d5 2. c4 c6 3. Nf3 Nf6 4. Nc3 dxc4 5. a4 e6 6. e4 Bb4 7. Bxc4 Nxe4 8. O-O Nf6 9. Qe2 O-O ({RR} 9... Nd5 10. Ne4 O-O 11. Rd1 Nd7 12. h4 N7f6 13. Ne5 Nxe4 14. Qxe4 Be7 15. h5 Bg5 16. Bd3 f5 17. Qf3 Bxc1 18. Raxc1 Qg5 19. Bc4 Nf6 20. Re1 Qxh5 21. Qg3 Re8 22. Qf4 g5 23. Qxf5 Kg7 24. Qd3 {Indjic,A (2651)-Howell,D (2668) chess.com INT 2025 1-0 (41)}) 10. Rd1 Nbd7 11. Rd3 Nd5 12. Bd2 $146 ({RR} 12. Bg5 f6 13. Bd2 Re8 14. Re1 Nf8 15. h4 Bd7 16. h5 Bd6 17. Ne4 Nf4 18. Bxf4 Bxf4 19. g3 Bc7 20. h6 g6 21. Qd2 f5 ({RR} 21... Kh8 22. Ba2 Bc8) 22. Qc3 ({RR} 22. d5 fxe4 23. dxe6) 22... Ba5 ({RR} 22... fxe4) 23. b4 Bxb4 ({RR} 23... fxe4) 24. Qxb4 fxe4 25. Rxe4 Re7 ({RR} 25... b5 26. Bb3 Qe7) 26. Qxb7 Qb8 {Akobian,V (2617)-El Debs,F (2497) Caleta 2012 CBM 147 [Let's Check] 1-0 (45)}) ({RR} 12. Ng5 N7f6 13. Nce4 h6 14. Nxf6+ Nxf6 15. Nf3 b5 16. Bb3 bxa4 17. Bc4 a5 18. Ne5 Kh8 19. Qf3 Ba6 20. Bxa6 Rxa6 21. Qh3 Nh7 22. Qh5 Qe8 23. Rh3 Ra7 24. Bxh6 gxh6 25. Qxh6 f6 26. Ng6+ Kg8 {Shchekachev,A (2534)-Rublevsky,S (2683) Paris 2017 0-1 (32)}) 12... Bd6 13. Ne5 N7b6 14. Bb3 f6 15. Rh3 fxe5 16. dxe5 Nxc3 17. Qh5 Bxe5 18. Qxh7+ Kf7 19. Rf3+ Bf6 20. Bxc3 Ke8 21. Qh5+ Kd7 22. Bxe6+ Kc7 23. Be5+ Bxe5 24. Qxe5+ Qd6 25. Qxd6+ Kxd6 26. Rxf8 Bxe6 27. Rd1+ Ke7 28. Rf4 a5 29. Re4 Nd7 30. f4 Kf7 31. Rde1 Nc5 32. f5 Bd5 33. Re7+ Kf6 34. g4 Rh8 35. R1e3 b6 36. Ra7 Nxa4 37. b4 Nb2 38. bxa5 bxa5 39. Ree7 Nc4 40. Rxg7 Ne5 41. Rh7 Rxh7 42. Rxh7 Nxg4 43. Ra7 Kxf5 44. Rxa5 Ke4 45. h3 Ne5 46. h4 Bf7 47. Kg2 Nd3 48. Ra4+ Ke3 49. Kg3 c5 50. Ra7 Ne5 51. Ra5 Nd3 52. Ra7 Bh5 53. Rh7 Bg6 54. Rg7 Be4 55. h5 Nf4 56. Rc7 Ne6 57. Re7 Nf8 58. Rf7 Nh7 59. Rc7 Kd4 60. Kf4 Bd3 61. Rd7+ Kc3 62. Ke3 c4 63. h6 Bc2 64. Rf7 Bd3 65. Rd7 Nf6 66. Rd6 Nh7 1/2-1/2

[Event "Olympiad-40"]
[Site "Istanbul"]
[Date "2012.09.09"]
[Round "11.1"]
[White "Peralta, Fernando"]
[Black "Giri, Anish"]
[Result "0-1"]
[WhiteElo "2606"]
[BlackElo "2711"]
[PlyCount "58"]
[EventDate "2012.08.28"]
[EventType "team-swiss"]
[EventRounds "11"]
[EventCountry "TUR"]
[SourceTitle "CBM 151"]
[Source "ChessBase"]
[SourceDate "2012.11.13"]
[SourceVersion "1"]
[SourceVersionDate "2012.11.13"]
[SourceQuality "1"]
[WhiteTeam "Argentina"]
[BlackTeam "Netherlands"]
[WhiteTeamCountry "ARG"]
[BlackTeamCountry "NED"]

1. d4 e6 2. c4 d5 3. Nc3 c6 4. e3 Nd7 5. Bd3 dxc4 6. Bxc4 b5 7. Bd3 a6 8. Nf3 c5 9. d5 $146 ({RR} 9. a4 b4 10. Ne4 Bb7 11. O-O cxd4 12. exd4 Ngf6 13. Ned2 Be7 14. Qe2 a5 15. Nc4 O-O 16. Rd1 Nd5 17. Qe4 N7f6 18. Qh4 Ra7 19. Bg5 Re8 20. Nfe5 Ba8 21. Rac1 Qb8 22. Bb1 g6 23. Rd3 Nh5 {Boyd,T (2260)-Illingworth,M (2486) Canberra 2016 1-0 (66)}) 9... exd5 10. Nxd5 Bb7 11. Be4 Ne7 12. Nc3 Nc6 13. a4 b4 14. Ne2 Nf6 15. Bd3 Na5 16. O-O c4 17. Bc2 b3 18. Bf5 g6 19. Bh3 Ne4 20. Bd2 Nxd2 21. Nxd2 Bg7 22. Rc1 Bxb2 23. Rxc4 O-O 24. Rb4 Qe7 25. Rb6 Rfd8 26. Nd4 Bxd4 27. exd4 Rxd4 28. Qc1 Qd8 29. Qc5 Rxd2 0-1

[Event "Reggio Emilia 54th"]
[Site "Reggio Emilia"]
[Date "2012.01.03"]
[Round "7"]
[White "Morozevich, Alexander"]
[Black "Giri, Anish"]
[Result "1/2-1/2"]
[WhiteElo "2762"]
[BlackElo "2714"]
[PlyCount "34"]
[EventDate "2011.12.27"]
[EventType "tourn"]
[EventRounds "10"]
[EventCountry "ITA"]
[EventCategory "20"]
[SourceTitle "CBM 146"]
[Source "ChessBase"]
[SourceDate "2012.01.18"]
[SourceVersion "1"]
[SourceVersionDate "2012.01.18"]
[SourceQuality "1"]

1. d4 d5 2. c4 e6 3. Nc3 Be7 4. cxd5 exd5 5. Bf4 c6 6. e3 Bf5 7. g4 Be6 8. h4 Nd7 9. g5 h6 10. g6 Ngf6 11. gxf7+ Bxf7 12. Bd3 Nh5 ({RR} 12... O-O 13. Qf3 Qb6 14. O-O-O c5 15. Nge2 Rac8 16. Rhg1 Kh8 17. Bc2 cxd4 18. Rxd4 Bc5 19. Na4 Qa5 20. Nxc5 Rxc5 21. Bd6 Qxa2 22. Bxc5 Nxc5 23. Qg3 Rg8 24. Qc7 Qa1+ 25. Kd2 Nfe4+ 26. Bxe4 Qxb2+ 27. Ke1 {Nepomniachtchi,I (2721)-Aronian,L (2803) Beijing 2013 1-0 (75)}) 13. Be5 O-O 14. Qg4 Nhf6 15. Qg3 $146 ({RR} 15. Qg2 Nxe5 16. dxe5 Nd7 17. Nf3 Re8 18. O-O-O Bf8 19. Ng5 hxg5 20. hxg5 g6 21. f4 Bg7 22. Rh4 Nxe5 23. fxe5 Rxe5 24. Rdh1 Qxg5 25. Rg4 Qxe3+ 26. Kc2 Rf8 27. Rh3 Qc5 28. Rxg6 Bxg6 29. Qxg6 Rf2+ {Kenneskog,T (2203)-Helgason,R (2332) Sweden 2013 0-1 (36)}) 15... Nh5 16. Qg4 Nhf6 17. Qg3 Nh5 1/2-1/2

[Event "Nakhchivan op"]
[Site "Nakhchivan"]
[Date "2012.05.03"]
[Round "6"]
[White "Volkov, Sergey"]
[Black "Grachev, Boris V"]
[Result "0-1"]
[WhiteElo "2623"]
[BlackElo "2705"]
[PlyCount "72"]
[EventDate "2012.04.28"]
[EventType "swiss"]
[EventRounds "9"]
[EventCountry "AZE"]
[SourceTitle "CBM 148 Extra"]
[Source "ChessBase"]
[SourceDate "2012.06.22"]
[SourceVersion "1"]
[SourceVersionDate "2012.06.22"]
[SourceQuality "1"]

1. d4 {Ramirez Alvarez,Alejandro} d5 2. c4 e6 3. Nc3 Be7 4. cxd5 exd5 5. Bf4 c6 6. e3 Bf5 ({RR} 6... Bd6 7. Bxd6 Qxd6) 7. g4 Be6 8. Bd3 ({RR} 8. h4 Nd7 9. g5 h6 10. g6) 8... Nd7 9. Bf5 ({RR} 9. h3 h5 10. gxh5 Ndf6 11. Be2 Nh6 12. a3 Nf5 13. Bg4 Bd6 14. Bg5 Qb6 15. Rb1 Ne4 16. Nxe4 dxe4 17. Ne2 Bb3 18. Qd2 Nh6 19. Nc3 f5 20. Be2 Nf7 21. Rg1 Qc7 22. Bh4 g5 23. Bg3 O-O-O {Afanasiev,N (2541)-Ponomarev,V (2247) Sochi RUS 2024 1-0 (58)}) 9... Nf8 $146 ({RR} 9... Bxf5 10. gxf5 Bb4 11. Nge2 Ne7 12. Qc2 Nb6 13. f3 ({RR} 13. Rg1 g6 14. Be5) 13... g6 14. fxg6 Nxg6 15. O-O-O Qe7 16. Rd3 Nc4 17. b3 Na3 18. Qb2 Nxf4 19. Nxf4 Rg8 20. Qf2 O-O-O 21. Kb2 Kb8 22. Nb1 Rde8 23. Nxa3 Bxa3+ 24. Kb1 {Laznicka,V (2677)-Topalov,V (2769) Novy Bor 2013 CBM 157 [Ramirez Alvarez,Alejandro] 0-1 (38)}) 10. Nf3 h5 11. Bxe6 Nxe6 12. gxh5 Nxf4 13. exf4 Nf6 14. Ne5 Qc8 15. Qb3 Nxh5 16. Ne2 Nf6 17. Ng3 Ng4 18. Rc1 Nxe5 19. fxe5 Rh4 20. Rd1 Qd7 21. Qf3 g6 22. O-O O-O-O 23. Rfe1 Qe6 24. Qg2 Bg5 25. Re2 Rdh8 26. Rd3 Bf4 27. Rc2 Kb8 28. b4 g5 29. Rcc3 f6 30. exf6 Qxf6 31. b5 cxb5 32. Qxd5 Rxh2 33. Qf3 a6 34. Nf1 R2h4 35. d5 Qh6 36. Kg2 Rg4+ 0-1

[Event "Moscow Aeroflot op-A 11th"]
[Site "Moscow"]
[Date "2012.02.10"]
[Round "4"]
[White "Zvjaginsev, Vadim"]
[Black "Sjugirov, Sanan"]
[Result "1/2-1/2"]
[WhiteElo "2688"]
[BlackElo "2622"]
[PlyCount "49"]
[EventDate "2012.02.07"]
[EventType "swiss"]
[EventRounds "9"]
[EventCountry "RUS"]
[SourceTitle "CBM 147"]
[Source "ChessBase"]
[SourceDate "2012.03.16"]
[SourceVersion "1"]
[SourceVersionDate "2012.03.16"]
[SourceQuality "1"]

1. c4 e6 2. Nc3 d5 3. d4 c6 4. e4 dxe4 5. Nxe4 Bb4+ 6. Nc3 c5 7. Nf3 Nf6 8. Be2 Nc6 9. Be3 Ne4 10. Rc1 cxd4 11. Nxd4 Nxc3 12. bxc3 Be7 $146 ({RR} 12... Ba5 13. O-O Bd7 14. Nb5 O-O 15. Bc5 Ne7 16. Qd6 Ng6 17. Rfd1 Bxb5 18. cxb5 Bc7 19. Qxd8 Rfxd8 20. Bf3 Bf4 21. Rb1 Rdc8 22. Bxb7 Rxc5 23. Bxa8 Rxc3 24. g3 Bg5 25. a4 Bf6 26. Rd7 Ra3 27. Rxa7 {Smolik,J (2272)-Nytra,O (2219) Usti nad Labem 2022 1-0}) ({RR} 12... Ba5 13. O-O O-O 14. Nxc6 bxc6 15. Qa4 Qc7 16. Bf3 Ba6 17. Bxc6 Rad8 18. Rfd1 Bc8 19. Rd4 Qe5 20. Rcd1 a6 21. g3 Qc7 22. R1d3 Qe5 23. c5 Bc7 24. Rxd8 Bxd8 25. Bd7 Qf5 26. Rd1 Bf6 27. Bxc8 {Korley,K (2450)-Hong,A (2390) Burlingame 2019 1-0 (49)}) 13. Nxc6 bxc6 14. Qxd8+ Kxd8 15. Rd1+ Bd7 16. O-O Kc8 17. c5 f6 18. f4 Kc7 19. Bd4 Rab8 20. Rd2 a5 21. Re1 Rhe8 22. Bc4 a4 23. Bxe6 Bxe6 24. Rxe6 Bf8 25. Rxe8 1/2-1/2

[Event "Olympiad-41"]
[Site "Tromsoe"]
[Date "2014.08.14"]
[Round "11.1"]
[White "Leko, Peter"]
[Black "Ponomariov, Ruslan"]
[Result "1/2-1/2"]
[WhiteElo "2740"]
[BlackElo "2717"]
[PlyCount "61"]
[EventDate "2014.08.02"]
[EventType "team-swiss"]
[EventRounds "11"]
[EventCountry "NOR"]
[SourceTitle "CBM 162"]
[Source "ChessBase"]
[SourceDate "2014.09.17"]
[SourceVersion "1"]
[SourceVersionDate "2014.09.17"]
[SourceQuality "1"]
[WhiteTeam "Hungary"]
[BlackTeam "Ukraine"]
[WhiteTeamCountry "HUN"]
[BlackTeamCountry "UKR"]

1. d4 {ChessBase II} d5 2. c4 e6 3. Nc3 Bb4 4. Nf3 Ne7 ({RR} 4... Nf6) ({RR} 4... c5 5. cxd5 exd5 6. Bg5 Ne7 7. e3 c4 8. Be2 Nbc6 9. O-O O-O 10. e4 Bxc3 11. bxc3 dxe4 12. Nd2) 5. e3 ({RR} 5. cxd5 exd5 6. Bf4) 5... c5 6. Bd3 ({RR} 6. cxd5 Nxd5 7. Bd2 cxd4 8. Nxd5 Bxd2+ 9. Qxd2 Qxd5 10. Qxd4 Qxd4 11. Nxd4 Bd7 12. Nb5 Bxb5 13. Bxb5+ Ke7 14. Rc1 a6 15. Be2 Nc6 16. Bf3) 6... dxc4 7. Bxc4 cxd4 8. exd4 Nbc6 9. O-O O-O 10. a3 Ba5 $146 ({RR} 10... Bd6 11. Re1 Ng6 12. Ne4 Bc7 13. Be3 Nh4 14. Nfg5 h6 15. Qh5 Nf5 16. Nf3 Nce7 17. g4 Nxe3 18. fxe3 b5 19. Bd3 f5 20. Nc5 e5 21. gxf5 Bxf5 22. Bxf5 Rxf5 23. Qg4 Qc8 24. Rac1 Rg5 25. Qxg5 {Moor,O (2304)-Godena,M (2552) Switzerland 1999 0-1 (31)}) ({RR} 10... Bxc3 11. bxc3 b6 ({RR} 11... Qc7) 12. Qd3 Bb7 13. Re1 ({RR} 13. Ng5 Ng6 ({RR} 13... Nf5 14. Nxe6) 14. Qh3 ({RR} 14. Re1 Nce7) 14... h6 15. Nxf7 Rxf7 16. Bxe6 Qf6) 13... h6 ({RR} 13... Ng6) 14. Ba2 ({RR} 14. Bd2) 14... Re8 ({RR} 14... Nf5) ({RR} 14... Qd6) ({RR} 14... Rc8) 15. Rxe6 ({RR} 15. Bb1 Ng6) 15... fxe6 16. Bxe6+ Kf8 ({RR} 16... Kh8 17. Ng5 hxg5 18. Qh3#) 17. Nh4 ({RR} 17. Qh7 Nd5 ({RR} 17... Ng6 18. Qxg6 Qf6 19. Qxf6+ gxf6 20. Bxh6+ Ke7 21. Re1 Na5) 18. Qg8+ Ke7 19. Qf7+ Kd6 20. Bxd5) 17... Ne5 18. Qh7 N7c6 ({RR} 18... Nf7 19. Bxh6 Nxh6 20. Qh8+ Nhg8 21. Qxg8+ Nxg8 22. Ng6#) ({RR} 18... N7g6 19. Qg8+ ({RR} 19. Qxg6 Qxh4 20. dxe5 Rxe6 21. Qxe6 Qe4)) ({RR} 18... Nd5 19. Qg8+ Ke7 20. Nf5+ Kf6 21. dxe5+ Kxe5 22. f4+ Ke4 ({RR} 22... Nxf4 23. Bxf4+ Kxf4 24. Rf1+) 23. Nd6+ Qxd6 24. Qh7+) ({RR} 18... N5g6 19. Qg8+) 19. Qg8+ Ke7 20. Nf5+ Kf6 21. dxe5+ Nxe5 ({RR} 21... Kxe5 22. f4+ Ke4 23. Nd6+ Qxd6 24. Qh7+) 22. Qxg7+ Kxe6 23. Nd4+ Kd6 24. Bf4 ({RR} 24. Qxb7 Qd7 25. Qxd7+ ({RR} 25. Qe4 Nf3+) ({RR} 25. Qa6) 25... Kxd7 26. Bxh6) 24... Bd5 ({RR} 24... Qd7 25. Qf6+ Kd5 26. Bxe5 Rxe5 27. Rd1) 25. Re1 {Tal,M-Myagmarsuren,L Nice 1974 EXT 2000 [ChessBase II] 1-0 (34)} ({RR} 25. Rd1)) ({RR} 10... Bd6) 11. Qd3 a6 12. Rd1 Ng6 13. Bg5 f6 14. Be3 Kh8 15. b4 Bc7 16. Bb3 Nf4 17. Bxf4 Bxf4 18. Qe4 Bh6 19. Na4 Ne7 20. Bxe6 Bxe6 21. Qxe6 Nd5 22. Nc5 Re8 23. Qf5 Re7 24. Re1 b6 25. Nd3 g6 26. Qh3 Kg7 27. Rxe7+ Qxe7 28. g3 Rd8 29. Qf1 Nc3 30. Qe1 Qxe1+ 31. Ndxe1 1/2-1/2

[Event "FRA-chT Top 12"]
[Site "Saint Quentin"]
[Date "2014.06.03"]
[Round "11.3"]
[White "Ragger, Markus"]
[Black "Krasenkow, Michal"]
[Result "1/2-1/2"]
[WhiteElo "2632"]
[BlackElo "2635"]
[PlyCount "51"]
[EventDate "2014.05.24"]
[EventType "team-tourn"]
[EventRounds "11"]
[EventCountry "FRA"]
[SourceTitle "CBM 160 Extra"]
[Source "ChessBase"]
[SourceDate "2014.07.01"]
[SourceVersion "1"]
[SourceVersionDate "2014.07.01"]
[SourceQuality "1"]
[WhiteTeam "Bischwiller"]
[BlackTeam "Chalonne"]
[WhiteTeamCountry "FRA"]
[BlackTeamCountry "FRA"]

1. d4 {Dautov,Rustem} d5 2. c4 e6 3. Nc3 c6 4. e4 Bb4 5. Bd2 Ne7 ({RR} 5... dxc4 6. Bxc4 Qxd4 7. Qe2 b5 8. Bb3 Nf6 9. Nf3 Qb6 10. O-O Nbd7 11. e5 ({RR} 11. Rfe1 Bxc3 12. Bxc3 b4 13. Bxf6 Nxf6 14. e5 Ba6 15. Qc2 Nd5 16. Qe4 Rd8 17. Rac1 h6 18. h4 Ne7 19. Red1) 11... Bxc3 12. bxc3 Nd5 13. c4 bxc4 14. Bxc4 a5 15. Rab1 Qa7 16. Qe4 Ba6 17. Bxa6 Qxa6 18. Qg4 Kf8 19. Rfc1) ({RR} 5... Bxc3 6. Bxc3 dxe4 7. Qg4) 6. Nf3 ({RR} 6. a3 Bxc3 ({RR} 6... Ba5 7. Nf3) 7. Bxc3 Ng6 ({RR} 7... dxe4 8. Qg4 Nf5 9. Qxe4 Nd7 10. Nf3 O-O 11. g4 Nf6 12. Qf4 Ne7 13. Ne5 b5 ({RR} 13... Ng6 14. Qf3) 14. Bg2 Bb7 15. b3) 8. e5 b6 9. Nf3 Bb7 10. h4 c5 11. dxc5 bxc5 12. h5 Ne7 13. h6 g6 14. Bd3) ({RR} 6. Bd3 dxc4 ({RR} 6... O-O 7. Nge2 f6 8. O-O e5 9. exd5 cxd5 10. Nxd5 Nxd5 11. Be4) 7. Bxc4 Qxd4 8. Qe2 O-O 9. Nf3 Qd8) 6... Nd7 ({RR} 6... O-O 7. Bd3) ({RR} 6... Bxc3 7. Bxc3 dxe4 8. Ng5 e3 ({RR} 8... f5 9. Qh5+ g6 10. Qh6) 9. fxe3 Nf5 10. Qh5 g6 11. Qg4 Nxe3 12. Qf4 Nf5 13. O-O-O) 7. Bd3 dxc4 8. Bxc4 c5 9. a3 cxd4 10. Nxd4 $146 ({RR} 10. axb4 dxc3 11. Bxc3 O-O 12. e5 ({RR} 12. O-O Nb6 ({RR} 12... b6 13. Bb5 Nf6 14. Qe2) 13. Bd3 Bd7 14. Bd4) 12... Nb6 13. Bd3 Ng6 14. Qc2 Nd5 15. h4 h6 16. Bd2 ({RR} 16. Bxg6 fxg6 17. O-O ({RR} 17. Qxg6 Nf4) 17... Qe8) 16... Bd7 ({RR} 16... Ngf4 17. Bh7+ Kh8 18. g3 Ng6 19. h5 Nge7) ({RR} 16... Ndf4) 17. Bxg6 fxg6 18. Bxh6 ({RR} 18. Qxg6 Ne7 19. Qg4 Nf5 20. O-O Bc6) 18... Qe8 ({RR} 18... gxh6 19. Qxg6+ Kh8 20. Qxh6+ Kg8 21. Rh3) 19. Bd2 Rc8 ({RR} 19... Bb5 20. Qe4 Qf7 21. Rh3 Rac8 22. b3) 20. Qe4 Bc6 ({RR} 20... Bb5 21. Nd4 ({RR} 21. Rxa7 Rc4)) 21. Qg4 Rf5 22. O-O Bb5 23. Rfe1 Rc4 24. Re4 Rxe4 {Kovacevic,B (2493)-Godena,M (2502) Solin 2005 CBM 111 [Dautov,Rustem] 1-0 (53)}) 10... Bc5 11. Be3 O-O 12. O-O Bb6 13. Ba2 Nf6 14. Re1 Ng6 15. Na4 Nxe4 16. Nxb6 axb6 17. Nb5 Bd7 18. Bc4 Nc5 19. b4 Na4 20. Qb3 Bc6 21. Rad1 Qf6 22. Nd4 Nh4 23. Nxc6 bxc6 24. Bd4 Qg5 25. Bf1 b5 26. Rc1 1/2-1/2

[Event "Olympiad-41"]
[Site "Tromsoe"]
[Date "2014.08.04"]
[Round "3.1"]
[White "Leitao, Rafael Duailibe"]
[Black "Kasimdzhanov, Rustam"]
[Result "1/2-1/2"]
[WhiteElo "2649"]
[BlackElo "2700"]
[PlyCount "59"]
[EventDate "2014.08.02"]
[EventType "team-swiss"]
[EventRounds "11"]
[EventCountry "NOR"]
[SourceTitle "CBM 162"]
[Source "ChessBase"]
[SourceDate "2014.09.17"]
[SourceVersion "1"]
[SourceVersionDate "2014.09.17"]
[SourceQuality "1"]
[WhiteTeam "Brazil"]
[BlackTeam "Uzbekistan"]
[WhiteTeamCountry "BRA"]
[BlackTeamCountry "UZB"]

1. d4 {RR} d5 2. c4 e6 3. Nc3 Be7 4. cxd5 exd5 5. Bf4 c6 6. e3 Bf5 7. Nge2 Nd7 8. Ng3 Bg6 9. Be2 Nf8 ({RR} 9... Nb6 10. Be5 Nf6 11. h4 h6 12. h5 Bh7 13. Bd3 O-O 14. Bxh7+ Kxh7 15. Qc2+ Kh8 16. Nf5 Nc4 17. b3 Nxe5 18. dxe5 Ng4 19. f4 Qd7 20. O-O-O f6 21. e4 fxe5 22. Qe2 Nf6 23. Nh4 exf4 24. Ng6+ {Nakamura,H (2758)-Aronian,L (2802) London 2011 CBM 146 [RR] 1-0 (54)}) ({RR} 9... Ngf6 10. Rc1 O-O 11. h4 h6 12. Bd3 Re8 13. Bxg6 fxg6 14. a3 Nf8 15. h5 Bd6 16. Nce2 Nxh5 17. Nxh5 gxh5 18. Rxh5 Ng6 19. g3 Re6 20. Kd2 Qf6 21. Qb3 Qe7 22. Rch1 Rf8 23. Qd3 Rf7 24. Kc1 {Kasimdzhanov,R (2712)-Mirzoev,A (2552) Nakhchivan 2015 ½-½ (57)}) 10. Nh5 ({RR} 10. Be5 f6 11. Bf4 Ne6 12. h4 Nxf4 13. exf4 Nh6 14. h5 Bf7 15. Bd3 Qc7 16. Nge2 O-O-O 17. Qc2 Bd6 18. g3 Be6 19. O-O-O Bg4 20. Kb1 Kb8 21. Rc1 Qf7 22. Ng1 Bxh5 23. f3 Qe8 24. g4 Bf7 {Vidit,S (2720)-Fedoseev,V (2739) chess.com INT 2025 0-1 (77)}) 10... Ne6 11. Bg3 Bd6 $146 ({RR} 11... Nf6 12. Nxf6+ Bxf6 13. O-O Be7 14. Bd3 Bxd3 15. Qxd3 O-O 16. Rab1 Qd7 17. b4 Rfd8 18. Rfd1 Rac8 19. a4 a6 20. b5 axb5 21. axb5 cxb5 22. Nxb5 Rc4 23. Rb3 Bb4 24. Na3 Rdc8 25. Qb1 Bxa3 26. Rxa3 {Di Berardino,D (2480)-Molina,R (2406) Rio de Janeiro 2011 ½-½ (60)}) 12. Qb3 Rb8 13. O-O Bxh5 14. Bxh5 Bxg3 15. hxg3 Nf6 16. Be2 O-O 17. Qc2 Qe7 18. Rab1 c5 19. Rfd1 cxd4 20. exd4 Rfd8 21. Bf3 Rbc8 22. Qd3 Qb4 23. a3 Qb6 24. Rd2 Qa5 25. Rbd1 h6 26. Qf5 Rc4 27. Be2 Rc6 28. Bf3 Rc4 29. Be2 Rc6 30. Bf3 1/2-1/2

[Event "EU-ch 14th"]
[Site "Legnica"]
[Date "2013.05.16"]
[Round "11"]
[White "Eljanov, Pavel"]
[Black "Shimanov, Aleksandr"]
[Result "1/2-1/2"]
[WhiteElo "2702"]
[BlackElo "2639"]
[PlyCount "53"]
[EventDate "2013.05.05"]
[EventType "swiss"]
[EventRounds "11"]
[EventCountry "POL"]
[SourceTitle "CBM 155"]
[Source "ChessBase"]
[SourceDate "2013.07.16"]
[SourceVersion "1"]
[SourceVersionDate "2013.07.16"]
[SourceQuality "1"]

1. d4 d5 2. c4 e6 3. Nc3 Be7 4. cxd5 exd5 5. Bf4 c6 6. Qc2 Nf6 7. e3 Nh5 8. Be5 Nd7 9. Be2 Nxe5 10. dxe5 g6 11. Bxh5 gxh5 12. O-O-O f6 13. e4 d4 14. exf6 Bxf6 15. Nf3 Bg4 16. Ne2 Qa5 17. Kb1 O-O-O 18. Nexd4 Bxd4 19. Rxd4 Bxf3 20. Rxd8+ Rxd8 21. gxf3 Rd2 22. Qb3 Qe5 23. Qg8+ $146 ({RR} 23. h4 Rxf2 24. Qg8+ Kc7 25. Qf7+ Kb6 26. Qb3+ Kc7 27. Qf7+ Kb6 28. Qb3+ Kc7 29. Qf7+ {½-½ (29) Colas,J (2328)-Tang,A (2466) Chess.com INT 2017}) 23... Kd7 24. Qf7+ Kc8 25. Qg8+ Kd7 26. Qf7+ Kc8 27. Qg8+ 1/2-1/2

[Event "Bayern-chI Bank Hofmann 16th"]
[Site "Bad Wiessee"]
[Date "2012.11.03"]
[Round "8"]
[White "Khenkin, Igor"]
[Black "Sumets, Andrey"]
[Result "1-0"]
[WhiteElo "2655"]
[BlackElo "2627"]
[PlyCount "67"]
[EventDate "2012.10.27"]
[EventType "swiss"]
[EventRounds "9"]
[EventCountry "GER"]
[SourceTitle "EXT 2013"]
[Source "ChessBase"]
[SourceDate "2012.11.22"]
[SourceVersion "1"]
[SourceVersionDate "2012.11.22"]
[SourceQuality "1"]

1. d4 d5 2. c4 c6 3. Nf3 Nf6 4. Nc3 dxc4 5. a4 e6 6. e4 Bb4 7. e5 Nd5 8. Bd2 b5 9. axb5 Bxc3 10. bxc3 cxb5 11. Ng5 Nc6 12. Qh5 Qe7 13. Be2 b4 14. O-O bxc3 15. Bc1 h6 16. Ne4 O-O 17. Bg5 Qc7 18. Nf6+ gxf6 19. Bxh6 $146 ({RR} 19. exf6 Nxf6 20. Bxf6 Qf4 21. Qf3 Qxf3 22. Bxf3 Bd7 23. Rfc1 Rab8 24. Rxc3 Rb3 25. Rxc4 Rfb8 26. h3 Rb1+ 27. Rc1 Rxc1+ 28. Rxc1 Rc8 29. Rc5 Kf8 30. Rh5 Ne7 31. Rxh6 Ng8 32. Rh8 Bc6 33. Bxc6 Rxc6 {Fier,A (2573)-El Debs,F (2477) Campinas 2011 1-0 (34)}) 19... Nce7 20. Bf3 Bb7 21. Bxf8 Kxf8 22. Qh8+ Ng8 23. Bxd5 fxe5 24. Bxb7 Qxb7 25. Qxe5 Rc8 26. Rfc1 Qb2 27. d5 exd5 28. Qxd5 c2 29. Qe4 Nf6 30. Qxc2 Qb6 31. Qc3 Rc7 32. Rab1 Qd6 33. Rb8+ Kg7 34. Rb4 1-0